000 00462nam a22001817a 4500
005 20180718154045.0
008 160524b xxu||||| |||| 00| 0 eng d
020 _a81-203-0672-4
041 _aeng
082 _b4705
_a658.154
100 _aWelsch, Glenn A & Others
_94557
245 _aBUDGETING:profit Planning and Control
250 _a5th ed.
260 _aNew Delhi
_bAcademic Faundation
300 _a653p,
650 _aManagement
_9241
942 _cBK
999 _c1587
_d1586